LDR 01056naa#a2200205#i#450# 001 RU\\bibl\116784 005 20260429205526.3 011 ## _a1994-4683 100 ## _a20260429b2026####ek#y0rusy0150####ca 102 ## _aRU 200 1# _aЦифровая зависимость и двигательная активность студентов _eЖурнальная статья 210 1# _aМосква _cНациональный государственный Университет физической культуры, спорта и здоровья им. П.Ф. Лесгафта _d2026 215 ## _a7 с. 608 ## _aЖурнальная статья _2local 675 ## _aФизическое здоровье студентов. 378.172 _z 700 #1 _aШестёра _gАльбина Александровна 700 #1 _aКаерова _gЕлена Владиславовна 700 #1 _aМахачкеева _gТатьяна Александровна 700 #1 _aБроцкина _gОльга Александровна 856 4# _auchzapiski.lesgaft.spb.ru _u